South America Click the Name 30 Seconds - Statistics

General Stats
  • This quiz has been taken 2,186 times
    1,889 since last reset
  • The average score is 8 of 10
Answers on the Map
Answers color-coded by a green-red scale on the quiz's map according to % correct below.
 
Answer Stats
Answer % Correct
Brazil
95%
Argentina
91%
Chile
90%
Colombia
90%
Uruguay
85%
Venezuela
85%
Ecuador
84%
Peru
83%
Bolivia
82%
Falkland Islands (UK)
82%
Paraguay
80%
French Guiana
75%
Guyana
74%
Suriname
69%
No matching quizzes found
Score Distribution
Percent of People with Each Score
Percentile by Number Answered
Your Score History
You have not taken this quiz since the last reset